Tigerarten - Statistiken

Allgemein
  • Dieses Quiz wurde 39 mal gespielt
  • Das Durchschnittsergebnis liegt bei 3 aus 6
Antwortstatistiken
Bestand Art % Korrekt
ca. 400 Sibirischer Tiger
89%
1700-2300 Bengaltiger
80%
350-500 Sumatratiger
57%
ca. 350 Indochinesischer Tiger
14%
ca. 250 Malaiischer Tiger
9%
In Freiheit möglicherweise ausgestorben Südchinesischer Tiger
9%
Keine übereinstimmenden Quizze gefunden
Verteilung der Resultate
Anzahl Personen mit jedem Resultat
Perzentil nach korrekt beantworteten Fragen
Ihre Resultats-Entwicklung
Sie haben dieses Quiz noch nicht gespielt